| 000 | 00376nam a2200157Ia 4500 | ||
|---|---|---|---|
| 008 | 210210b1957 xxu||||| |||| 00| 0 eng d | ||
| 041 | _aeng | ||
| 082 | _a825/656 | ||
| 100 | _aPINTO (Vivian Desola) | ||
| 245 | _aDivine vision | ||
| 260 |
_aLondon _bVictor Gollancz Ltd., _c1957 |
||
| 650 | _avision | ||
| 650 | _aDivine | ||
| 690 | _aEnglish Criticism | ||
| 906 | _a014972 | ||
| 999 |
_c134202 _d134202 |
||